Enjoyment of living
Guardado en:
| Autor principal: | |
|---|---|
| Formato: | Libro |
| Lenguaje: | Undetermined |
| Publicado: |
New York
Harper
1948
|
| Materias: | |
| Etiquetas: |
Agregar Etiqueta
Sin Etiquetas, Sea el primero en etiquetar este registro!
|
| Thư viện lưu trữ: | Trung tâm Học liệu Trường Đại học Cần Thơ |
|---|
| LEADER | 00461nam a2200193Ia 4500 | ||
|---|---|---|---|
| 001 | CTU_77670 | ||
| 008 | 210402s9999 xx 000 0 und d | ||
| 082 | |a 928.1 | ||
| 082 | |b E13 | ||
| 100 | |a Eastman, Max | ||
| 245 | 0 | |a Enjoyment of living | |
| 245 | 0 | |c Max Eastman | |
| 260 | |a New York | ||
| 260 | |b Harper | ||
| 260 | |c 1948 | ||
| 650 | |a Literature | ||
| 650 | |x History | ||
| 904 | |i Năm | ||
| 980 | |a Trung tâm Học liệu Trường Đại học Cần Thơ | ||